Countries with Most Deaths from COVID-19 - Statistics

General Stats
  • This quiz has been taken 39 times
  • The average score is 16 of 20
Answer Stats
Hint Answer % Correct
1,104,118 United States
97%
696,254 Brazil
95%
164,703 Germany
95%
530,733 India
95%
186,488 Italy
95%
217,019 United Kingdom
95%
386,708 Russia
92%
118,183 Spain
92%
164,793 France
89%
331,870 Mexico
89%
130,338 Argentina
87%
101,492 Turkey
84%
142,085 Colombia
76%
144,734 Iran
74%
218,606 Peru
74%
160,777 Indonesia
71%
118,923 Ukraine
68%
118,681 Poland
66%
102,588 South Africa
61%
67,504 Romania
32%
No matching quizzes found
Score Distribution
Percent of People with Each Score
Percentile by Number Answered
Your Score History
You have not taken this quiz